Engineering electromagnetics. (8th edition) (Record no. 62475)
[ view plain ]
| 000 -LEADER | |
|---|---|
| fixed length control field | 01618nam a2200253 a 4500 |
| 008 - FIXED-LENGTH DATA ELEMENTS--GENERAL INFORMATION | |
| fixed length control field | 190710s2012 ||||||||||||||||| || u |
| 020 ## - INTERNATIONAL STANDARD BOOK NUMBER | |
| International Standard Book Number | 9780071089012 |
| 050 ## - LIBRARY OF CONGRESS CALL NUMBER | |
| Classification number | QC 670 Hay |
| 100 ## - MAIN ENTRY--PERSONAL NAME | |
| Personal name | Buck, John A |
| 245 10 - TITLE STATEMENT | |
| Title | Engineering electromagnetics. (8th edition) |
| Statement of responsibility, etc. | By William H. Hayt ; John A. Buck |
| 250 ## - EDITION STATEMENT | |
| Edition statement | 8th edition |
| 260 ## - PUBLICATION, DISTRIBUTION, ETC. | |
| Place of publication, distribution, etc. | New York |
| Name of publisher, distributor, etc. | McGraw-Hill Education |
| Date of publication, distribution, etc. | 2012 |
| 300 ## - PHYSICAL DESCRIPTION | |
| Extent | xiv, 593 pages : illustrations |
| 350 ## - PRICE (NR) (BK AM CF MU VM SE) [OBSOLETE] | |
| Price | 50.41 |
| 650 ## - SUBJECT ADDED ENTRY--TOPICAL TERM | |
| Topical term or geographic name entry element | ELECTROMAGNETIC THEORY |
| 700 ## - ADDED ENTRY--PERSONAL NAME | |
| Personal name | Hayt, William H |
| 995 ## - RECOMMENDATION 995 [LOCAL, UNIMARC FRANCE] | |
| -- | CBU-MAIN LIBRARY (Kitwe) |
| -- | 50.41 |
| -- | 7 |
| -- | AVAILABLE |
| -- | Nov 25, 2019 |
| -- | Short Loan Collection |
| 995 ## - RECOMMENDATION 995 [LOCAL, UNIMARC FRANCE] | |
| -- | CBU-MPIKA LIBRARY |
| -- | 50.41 |
| -- | 5 |
| -- | AVAILABLE |
| -- | Nov 25, 2019 |
| -- | Short Loan Collection |
| 995 ## - RECOMMENDATION 995 [LOCAL, UNIMARC FRANCE] | |
| -- | CBU-MAIN LIBRARY (Kitwe) |
| -- | 50.41 |
| -- | 1 |
| -- | AVAILABLE |
| -- | Jul 11, 2019 |
| -- | Main Library Open Access Collection |
| 995 ## - RECOMMENDATION 995 [LOCAL, UNIMARC FRANCE] | |
| -- | CBU-MAIN LIBRARY (Kitwe) |
| -- | 50.41 |
| -- | 2 |
| -- | AVAILABLE |
| -- | Jul 11, 2019 |
| -- | Main Library Open Access Collection |
| 995 ## - RECOMMENDATION 995 [LOCAL, UNIMARC FRANCE] | |
| -- | CBU-MAIN LIBRARY (Kitwe) |
| -- | 50.41 |
| -- | 4 |
| -- | AVAILABLE |
| -- | Jul 11, 2019 |
| -- | Main Library Open Access Collection |
| 995 ## - RECOMMENDATION 995 [LOCAL, UNIMARC FRANCE] | |
| -- | CBU-MPIKA LIBRARY |
| -- | 50.41 |
| -- | 6 |
| -- | AVAILABLE |
| -- | Nov 25, 2019 |
| -- | Short Loan Collection |
| 995 ## - RECOMMENDATION 995 [LOCAL, UNIMARC FRANCE] | |
| -- | CBU-MAIN LIBRARY (Kitwe) |
| -- | 50.41 |
| -- | 3 |
| -- | AVAILABLE |
| -- | Jul 11, 2019 |
| -- | Main Library Open Access Collection |
| Withdrawn status | Lost status | Source of classification or shelving scheme | Damaged status | Not for loan | Home library | Current library | Date acquired | Total Checkouts | Full call number | Barcode | Date last seen | Date last checked out | Price effective from | Koha item type | Shelving location |
|---|---|---|---|---|---|---|---|---|---|---|---|---|---|---|---|
| CBU-MAIN LIBRARY, KITWE. | CBU-MAIN LIBRARY, KITWE. | 11/30/2022 | 1 | QC 670 Hay | 750067 | 07/20/2023 | 07/20/2023 | 11/30/2022 | SHORT LOAN COLLECTION | ||||||
| CBU-MAIN LIBRARY, KITWE. | CBU-MAIN LIBRARY, KITWE. | 11/30/2022 | QC 670 Hay | 749314 | 11/30/2022 | 11/30/2022 | MONOGRAPH | ||||||||
| CBU-MAIN LIBRARY, KITWE. | CBU-MAIN LIBRARY, KITWE. | 11/30/2022 | QC 670 Hay | 749315 | 11/30/2022 | 11/30/2022 | MONOGRAPH | ||||||||
| CBU-MAIN LIBRARY, KITWE. | CBU-MAIN LIBRARY, KITWE. | 11/30/2022 | QC 670 Hay | 749317 | 11/30/2022 | 11/30/2022 | MONOGRAPH | ||||||||
| CBU-MAIN LIBRARY, KITWE. | CBU-MAIN LIBRARY, KITWE. | 11/30/2022 | 1 | QC 670 Hay | 749316 | 01/09/2024 | 07/20/2023 | 11/30/2022 | MONOGRAPH | ||||||
| CBU-MPIKA LIBRARY, MPIKA CAMPUS. | CBU-MPIKA LIBRARY, MPIKA CAMPUS. | 11/30/2022 | QC 670 Hay | 750006 | 11/30/2022 | 11/30/2022 | MONOGRAPH | ||||||||
| CBU-MPIKA LIBRARY, MPIKA CAMPUS. | CBU-MPIKA LIBRARY, MPIKA CAMPUS. | 11/30/2022 | QC 670 Hay | 750007 | 11/30/2022 | 11/30/2022 | MONOGRAPH |